Quiz su Israele - Statistics

Statistiche generali
  • Questo quiz è stato fatto 973 volte
  • Il punteggio medio è 11 su 20
Statistiche sulle risposte
Hint Risposta % Corretto
Città che è ufficialmente la capitale di Israele anche se non molti altri Paesi la riconoscono Gerusalemme
96%
Mari che bagnano Israele Mar Mediterraneo
89%
Nome delle due città più popolose poste sulla costa di Israele Tel Aviv
84%
Lingua ufficiale Ebraico
81%
Oggetto rappresentato sulla bandiera Stella di {David}
81%
Mari che bagnano Israele Mar Rosso
76%
Lago salato che si trova a 430 metri sotto il livello del mare Mar Morto
75%
Penisola che Israele ha restituito all'Egitto nel 1982 Sinai
72%
Fiume che si trova sul confine orientale del paese Giordano
62%
Movimento che ha promosso di creare una nazione per gli ebrei in Terra Santa {Sion}ismo
56%
Nome dell'agenzia di intelligence israeliana Mossad
48%
Nome delle due città più popolose poste sulla costa di Israele Haifa
47%
Guerra combattuta da Israele nel 1967 Guerra dei sei giorni
42%
Territorio che Israel prese alla Siria nel 1967 Alture del {Golan}
40%
Corpo d'acqua sopra il quale Gesù camminò secondo la Bibbia Mare di Galilea
32%
Nome del parlamento israeliano Knesset
30%
Nome di uno dei due leader israeliani vincitori del Premio Nobel per la Pace con Yasser Arafat nel 1994 Yitzhak Rabin / Shimon Peres
28%
Deserto che ricopre buona parte del sud del Paese Negev
27%
Guerra combattuta da Israele nel 1973 Guerra dello Yom Kippur
26%
Moneta di Israele Shekel
26%
Nessun quiz corrispondente trovato
Distribuzione punteggi
Percentuale di utenti per punteggio
Percentile per numero di risposta
I tuoi punteggi nel tempo
Non hai fatto questo quiz